000 00644nam a22002297a 4500
003 UA-OsUOA
001 41044
007 ta
008 20080713b un ||||| |||| 00| 0 ukr d
100 _aСвятогірський Д.
090 _a09-281.96
_bС25
942 _cBR
040 _aUA-OsUOA
_bukr
_cUA-OsUOA
_dUA-OsUOA
245 _aГоловні засади української автокефальної православної церкви
300 _a19 с.
955 _a1
041 _aukr
080 _a09-281.96
260 _aНа чужині
_c1946
650 7 _a0 Загальний відділ.
_2UDC
999 _c439547
_d439547